• 首页
  • 本馆介绍
  • 公告通知
  • 最新文献
  • 馆藏检索
  • 电子资源
  • 读者导购
  • 参考咨询
  • 我的图书馆
  • 登录
  • 详细信息显示
  • 放入我的书架
  • 预约/预借图书
  • 作者相关作品
  • 分类相关作品
  • 丛书相关作品
  • 出版社相关作品

书目信息

  • 表格格式
  • 工作单格式
  • 卡片格式
题名:
这样写作最高效
    
 
作者: 马银春 编著
分册:  
出版信息: 北京   金城出版社  2012
页数: 243页
开本: 24cm
丛书名: 优秀中学生高效学习的必读丛书
单 册:
中图分类: G633.343
科图分类:
主题词: 作文课--中学--教学参考资料 , 作文课
电子资源:
ISBN: 978-7-5155-0535-0
000 00734oam2 2200253 450
001 012001003863
005 20130127110301.0
010    @a978-7-5155-0535-0@dCNY29.80
100    @a20121203d2012 demy0chiy50 ea
101 0  @achi
102    @aCN@b110000
105    @aa z 000yy
106    @ar
200 1  @a这样写作最高效@9zhe yang xie zuo zui gao xiao@f马银春编著
210    @a北京@c金城出版社@d2012
215    @a243页@c图@d24cm
225 1  @a优秀中学生高效学习的必读丛书
461  0 @12001 @a优秀中学生高效学习的必读丛书
606 0  @a作文课@x中学@j教学参考资料
606 0  @a作文课
690    @aG633.343@v5
701  0 @a马银春@9ma yin chun@4编著
801  0 @aCN@b江苏凤凰@c20191020
905    @b1218919-21@dG633.343@e695@f3
    
    这样写作最高效/马银春编著.-北京:金城出版社,2012
    243页:图;24cm.-(优秀中学生高效学习的必读丛书)
    
    
    ISBN 978-7-5155-0535-0:CNY29.80
    
●
相关链接 在E读中查询图书 在五车中查询图书 在当当中查询图书 在豆瓣中查询图书


正题名:这样写作最高效     索取号:G633.343/695         预约/预借

序号 登录号 条形码 馆藏地/架位号 状态 备注
1 1218919   212189193   第一样本阅览室/ [索取号:G633.343/695] 在馆    
2 1218920   212189200   教育系资料室/ [索取号:G633.343/695] 在馆    
3 1218921   212189219   第四借阅区/ [索取号:G633.343/695] 在馆    
唐山师范学院图书馆 欢迎您!
大连网信软件有限公司© 版权所有